[Event "Prague Open 2022 - A IM Open"]
[Site "Olympik hotel, Prague"]
[Date "2022.01.12"]
[Round "7"]
[Board "16"]
[White "Koubova, Anna Marie"]
[Black "Babula, Vlastimil"]
[Result "1-0"]
[WhiteElo "2137"]
[BlackElo "2227"]
[PlyCount "0"]
[EventDate "2022.01.07"]
[EventRounds "9"]
[EventCountry "CZE"]

1. d4 {[%clk 1:09:21]} Nf6 {[%clk 1:30:49]} 2. g3 {[%clk 1:09:26]} g6
{[%clk 1:30:59]} 3. Bg2 {[%clk 1:09:35]} Bg7 {[%clk 1:31:22]} 4. e4
{[%clk 1:09:39]} d6 {[%clk 1:31:05]} 5. Ne2 {[%clk 1:09:36]} O-O {[%clk 1:31:10]}
6. O-O {[%clk 1:09:35]} e5 {[%clk 1:24:15]} 7. Nbc3 {[%clk 1:06:02]} Nbd7
{[%clk 1:12:06]} 8. h3 {[%clk 1:05:26]} c6 {[%clk 1:09:55]} 9. a4
{[%clk 1:05:16]} Re8 {[%clk 1:05:44]} 10. Be3 {[%clk 1:04:31]} exd4
{[%clk 1:00:24]} 11. Bxd4 {[%clk 1:01:06]} b6 {[%clk 0:46:52]} 12. g4
{[%clk 0:49:42]} h6 {[%clk 0:44:16]} 13. Ng3 {[%clk 0:49:19]} Bb7
{[%clk 0:42:55]} 14. Be3 {[%clk 0:41:01]} Ne5 {[%clk 0:38:36]} 15. Bf4
{[%clk 0:37:12]} Nh7 {[%clk 0:36:56]} 16. Re1 {[%clk 0:26:12]} Qf6
{[%clk 0:26:04]} 17. Bc1 {[%clk 0:19:55]} Qh4 {[%clk 0:20:21]} 18. Re3
{[%clk 0:14:07]} Ng5 {[%clk 0:16:49]} 19. Nf1 {[%clk 0:12:02]} Nc4
{[%clk 0:15:58]} 20. Rd3 {[%clk 0:11:01]} c5 {[%clk 0:13:26]} 21. Bxg5
{[%clk 0:08:06]} Qxg5 {[%clk 0:13:40]} 22. Rb1 {[%clk 0:07:54]} Rad8
{[%clk 0:06:49]} 23. b3 {[%clk 0:08:08]} Ne5 {[%clk 0:07:08]} 24. Rxd6
{[%clk 0:06:53]} Nxg4 {[%clk 0:07:11]} 25. Nb5 {[%clk 0:05:04]} Rxd6
{[%clk 0:04:45]} 26. Qxd6 {[%clk 0:03:20]} Ne5 {[%clk 0:04:41]} 27. Ng3
{[%clk 0:02:41]} h5 {[%clk 0:03:04]} 28. Kh1 {[%clk 0:01:08]} a6 {[%clk 0:02:16]}
29. Qxb6 {[%clk 0:00:59]} Bc6 {[%clk 0:01:07]} 30. Nc7 {[%clk 0:00:43]} Rc8
{[%clk 0:00:49]} 31. Nd5 {[%clk 0:00:54]} h4 {[%clk 0:00:42]} 32. Nf1
{[%clk 0:01:02]} Qh5 {[%clk 0:00:32]} 33. Ne7+ {[%clk 0:00:59]} Kh7
{[%clk 0:01:01]} 34. Nxc8 {[%clk 0:01:08]} Nf3 {[%clk 0:00:59]} 35. Qxc6
{[%clk 0:01:07]} Be5 {[%clk 0:01:17]} 36. Qd7 {[%clk 0:01:04]}  1-0

[Event "Prague Open 2022 - A IM Open"]
[Site "Olympik hotel, Prague"]
[Date "2022.01.12"]
[Round "7"]
[Board "17"]
[White "Bochnicka, Vladimir"]
[Black "Lorans, Sylvain"]
[Result "1-0"]
[WhiteElo "2222"]
[BlackElo "2110"]
[PlyCount "0"]
[EventDate "2022.01.07"]
[EventRounds "9"]
[EventCountry "CZE"]

1. e4 {[%clk 1:30:57]} e5 {[%clk 1:30:55]} 2. Nf3 {[%clk 1:31:24]} Nc6
{[%clk 1:31:21]} 3. Bc4 {[%clk 1:31:50]} Nf6 {[%clk 1:31:47]} 4. d3
{[%clk 1:32:16]} Bc5 {[%clk 1:32:11]} 5. c3 {[%clk 1:32:40]} a6 {[%clk 1:31:36]}
6. Nbd2 {[%clk 1:32:32]} d6 {[%clk 1:31:59]} 7. Bb3 {[%clk 1:32:50]} Ba7
{[%clk 1:31:45]} 8. Nf1 {[%clk 1:31:58]} O-O {[%clk 1:31:25]} 9. Ng3
{[%clk 1:31:51]} h6 {[%clk 1:28:52]} 10. O-O {[%clk 1:30:44]} Re8
{[%clk 1:29:07]} 11. h3 {[%clk 1:29:05]} Be6 {[%clk 1:28:16]} 12. Qe2
{[%clk 1:07:55]} d5 {[%clk 1:07:03]} 13. Rd1 {[%clk 0:59:42]} Qe7
{[%clk 1:02:08]} 14. Nh4 {[%clk 0:54:20]} Rad8 {[%clk 0:56:59]} 15. Nhf5
{[%clk 0:52:08]} Qf8 {[%clk 0:55:04]} 16. Qf3 {[%clk 0:49:22]} dxe4
{[%clk 0:48:38]} 17. Nxh6+ {[%clk 0:42:37]} Kh7 {[%clk 0:46:03]} 18. dxe4
{[%clk 0:42:47]} Bxb3 {[%clk 0:26:42]} 19. Rxd8 {[%clk 0:43:00]} Rxd8
{[%clk 0:24:11]} 20. axb3 {[%clk 0:43:02]} gxh6 {[%clk 0:19:30]} 21. Qxf6
{[%clk 0:42:52]} Rd6 {[%clk 0:14:09]} 22. Qf5+ {[%clk 0:38:07]} Kh8
{[%clk 0:13:21]} 23. Qh5 {[%clk 0:37:11]} Ne7 {[%clk 0:08:25]} 24. Qxe5+
{[%clk 0:35:48]} f6 {[%clk 0:08:29]} 25. Qh5 {[%clk 0:35:51]} f5 {[%clk 0:07:19]}
26. exf5 {[%clk 0:35:31]} Qg7 {[%clk 0:07:29]} 27. Bf4 {[%clk 0:35:10]} Rd3
{[%clk 0:07:18]} 28. f6 {[%clk 0:34:52]} Qxf6 {[%clk 0:07:29]}  1-0

[Event "Prague Open 2022 - A IM Open"]
[Site "Olympik hotel, Prague"]
[Date "2022.01.12"]
[Round "7"]
[Board "20"]
[White "Macicek, Jakub"]
[Black "Skou, Niels"]
[Result "1-0"]
[WhiteElo "2259"]
[BlackElo "2065"]
[PlyCount "0"]
[EventDate "2022.01.07"]
[EventRounds "9"]
[EventCountry "CZE"]

1. d4 {[%clk 1:30:56]} d5 {[%clk 1:30:30]} 2. c4 {[%clk 1:30:51]} e6
{[%clk 1:30:44]} 3. Nc3 {[%clk 1:30:43]} Nf6 {[%clk 1:30:54]} 4. cxd5
{[%clk 1:30:03]} exd5 {[%clk 1:30:55]} 5. Bg5 {[%clk 1:30:02]} Nbd7
{[%clk 1:30:08]} 6. e3 {[%clk 1:29:56]} c6 {[%clk 1:28:42]} 7. Bd3
{[%clk 1:29:56]} Be7 {[%clk 1:28:53]} 8. Qc2 {[%clk 1:29:41]} h6 {[%clk 1:28:37]}
9. Bh4 {[%clk 1:29:02]} Nh5 {[%clk 1:28:34]} 10. Bxe7 {[%clk 1:26:15]} Qxe7
{[%clk 1:28:48]} 11. O-O-O {[%clk 1:25:08]} Nb6 {[%clk 1:28:26]} 12. Kb1
{[%clk 1:23:53]} Nf6 {[%clk 1:26:03]} 13. Rc1 {[%clk 1:23:47]} Be6
{[%clk 1:24:46]} 14. Nf3 {[%clk 1:22:45]} O-O-O {[%clk 1:24:02]} 15. Na4
{[%clk 1:20:11]} Nxa4 {[%clk 1:19:15]} 16. Qxa4 {[%clk 1:20:25]} Kb8
{[%clk 1:19:12]} 17. Rc3 {[%clk 1:20:03]} Rc8 {[%clk 1:12:37]} 18. Rhc1
{[%clk 1:12:40]} Rc7 {[%clk 1:09:55]} 19. Ne5 {[%clk 1:06:36]} Rhc8
{[%clk 1:06:43]} 20. Ra3 {[%clk 1:02:26]} b5 {[%clk 0:47:03]} 21. Qa6
{[%clk 0:55:00]} Bd7 {[%clk 0:46:26]} 22. Rac3 {[%clk 0:51:55]} Qe8
{[%clk 0:46:01]} 23. a4 {[%clk 0:46:26]} bxa4 {[%clk 0:41:04]} 24. Qxa4
{[%clk 0:34:57]} Ne4 {[%clk 0:31:51]} 25. Bxe4 {[%clk 0:32:02]} dxe4
{[%clk 0:29:03]} 26. Rc5 {[%clk 0:31:56]} f6 {[%clk 0:21:26]} 27. Nxd7+
{[%clk 0:24:39]} Qxd7 {[%clk 0:18:19]} 28. d5 {[%clk 0:24:52]} f5
{[%clk 0:15:04]} 29. dxc6 {[%clk 0:24:10]} Qd3+ {[%clk 0:14:50]} 30. Ka2
{[%clk 0:21:50]} g6 {[%clk 0:14:49]} 31. Rd1 {[%clk 0:17:19]} Qe2
{[%clk 0:14:31]} 32. Rd7 {[%clk 0:16:24]} a6 {[%clk 0:11:01]} 33. Qa5
{[%clk 0:14:52]}  1-0

[Event "Prague Open 2022 - A IM Open"]
[Site "Olympik hotel, Prague"]
[Date "2022.01.13"]
[Round "8"]
[Board "1"]
[White "Urkedal, Frode Olav Olsen"]
[Black "Mirzoev, Azer"]
[Result "1-0"]
[WhiteElo "2553"]
[BlackElo "2432"]
[PlyCount "0"]
[EventDate "2022.01.07"]
[EventRounds "9"]
[EventCountry "CZE"]

1. e4 {[%clk 1:16:55]} e6 {[%clk 1:30:51]} 2. d4 {[%clk 1:17:21]} d5
{[%clk 1:31:19]} 3. Nc3 {[%clk 1:17:47]} dxe4 {[%clk 1:31:38]} 4. Nxe4
{[%clk 1:18:12]} Nd7 {[%clk 1:32:04]} 5. Nf3 {[%clk 1:17:38]} Ngf6
{[%clk 1:32:27]} 6. Nxf6+ {[%clk 1:18:00]} Nxf6 {[%clk 1:32:47]} 7. c3
{[%clk 1:17:42]} Be7 {[%clk 1:31:30]} 8. Bd3 {[%clk 1:12:25]} O-O
{[%clk 1:31:24]} 9. Bg5 {[%clk 1:06:17]} h6 {[%clk 1:03:11]} 10. h4
{[%clk 1:01:22]} c5 {[%clk 1:02:29]} 11. dxc5 {[%clk 0:56:47]} Qd5
{[%clk 1:01:19]} 12. Qe2 {[%clk 0:55:05]} Rd8 {[%clk 1:01:42]} 13. O-O-O
{[%clk 0:49:50]} Qxa2 {[%clk 1:01:55]} 14. Bb1 {[%clk 0:42:42]} Rxd1+
{[%clk 0:54:15]} 15. Rxd1 {[%clk 0:42:59]} Qa4 {[%clk 0:45:49]} 16. Bxf6
{[%clk 0:24:06]} Bxf6 {[%clk 0:45:41]} 17. Qd3 {[%clk 0:24:16]} Kf8
{[%clk 0:38:45]} 18. Rd2 {[%clk 0:18:56]} g6 {[%clk 0:28:54]} 19. h5
{[%clk 0:09:39]} gxh5 {[%clk 0:28:11]} 20. g3 {[%clk 0:09:35]} Qg4
{[%clk 0:27:17]} 21. Qe3 {[%clk 0:09:18]} Kg7 {[%clk 0:24:28]} 22. Ne5
{[%clk 0:09:14]} Qh3 {[%clk 0:23:20]} 23. f4 {[%clk 0:08:16]} Kf8
{[%clk 0:19:41]} 24. Qd3 {[%clk 0:03:39]} Qh1+ {[%clk 0:07:44]} 25. Rd1
{[%clk 0:04:04]} Qg2 {[%clk 0:07:58]} 26. Qh7 {[%clk 0:03:59]} Bg7
{[%clk 0:04:06]} 27. Rd8+ {[%clk 0:04:24]} Ke7 {[%clk 0:04:18]} 28. Qxg7
{[%clk 0:04:46]} Kxd8 {[%clk 0:03:49]} 29. Qf8+ {[%clk 0:05:11]}  1-0

[Event "Prague Open 2022 - A IM Open"]
[Site "Olympik hotel, Prague"]
[Date "2022.01.13"]
[Round "8"]
[Board "2"]
[White "Pijpers, Arthur"]
[Black "Kozak, Antoni"]
[Result "0-1"]
[WhiteElo "2486"]
[BlackElo "2377"]
[PlyCount "0"]
[EventDate "2022.01.07"]
[EventRounds "9"]
[EventCountry "CZE"]

1. e4 {[%clk 1:30:58]} c6 {[%clk 1:24:10]} 2. d4 {[%clk 1:31:24]} d5
{[%clk 1:24:35]} 3. e5 {[%clk 1:31:52]} Bf5 {[%clk 1:25:00]} 4. Nf3
{[%clk 1:32:18]} e6 {[%clk 1:24:38]} 5. Be2 {[%clk 1:32:43]} Ne7 {[%clk 1:23:30]}
6. c3 {[%clk 1:33:09]} Nd7 {[%clk 1:17:59]} 7. O-O {[%clk 1:33:24]} h6
{[%clk 1:17:13]} 8. a4 {[%clk 1:33:50]} a5 {[%clk 1:16:25]} 9. Na3
{[%clk 1:25:44]} Qb6 {[%clk 1:01:21]} 10. Nc2 {[%clk 1:13:52]} Bh7
{[%clk 0:55:46]} 11. b4 {[%clk 0:57:12]} axb4 {[%clk 0:47:07]} 12. cxb4
{[%clk 0:56:50]} Bxc2 {[%clk 0:47:30]} 13. Qxc2 {[%clk 0:57:16]} Nf5
{[%clk 0:47:54]} 14. a5 {[%clk 0:43:39]} Qd8 {[%clk 0:41:11]} 15. b5
{[%clk 0:37:50]} c5 {[%clk 0:39:55]} 16. dxc5 {[%clk 0:27:01]} Bxc5
{[%clk 0:39:57]} 17. Bd2 {[%clk 0:27:01]} O-O {[%clk 0:39:26]} 18. Ra4
{[%clk 0:24:27]} Be7 {[%clk 0:32:46]} 19. Bd3 {[%clk 0:23:57]} Nc5
{[%clk 0:31:56]} 20. Ra2 {[%clk 0:20:50]} Nxd3 {[%clk 0:32:10]} 21. Qxd3
{[%clk 0:21:18]} Qd7 {[%clk 0:30:30]} 22. Rc1 {[%clk 0:19:34]} Rfc8
{[%clk 0:30:46]} 23. Rxc8+ {[%clk 0:17:17]} Rxc8 {[%clk 0:29:27]} 24. g4
{[%clk 0:16:50]} Nh4 {[%clk 0:28:59]} 25. Nxh4 {[%clk 0:17:17]} Bxh4
{[%clk 0:29:26]} 26. a6 {[%clk 0:17:40]} bxa6 {[%clk 0:28:14]} 27. bxa6
{[%clk 0:18:05]} Bg5 {[%clk 0:20:29]} 28. f4 {[%clk 0:08:35]} Be7
{[%clk 0:16:27]} 29. Be3 {[%clk 0:09:00]} Qc6 {[%clk 0:15:21]} 30. Qd4
{[%clk 0:06:24]} Qb5 {[%clk 0:14:40]} 31. Qb2 {[%clk 0:03:44]} Qd3
{[%clk 0:11:42]} 32. Qd2 {[%clk 0:04:12]} Qb1+ {[%clk 0:10:47]} 33. Kg2
{[%clk 0:04:40]} Qe4+ {[%clk 0:07:10]} 34. Kg3 {[%clk 0:05:09]} Bb4
{[%clk 0:06:57]} 35. Qd4 {[%clk 0:00:40]} Be1+ {[%clk 0:07:10]} 36. Rf2
{[%clk 0:01:08]} Qxd4 {[%clk 0:04:45]} 37. Bxd4 {[%clk 0:01:36]} Kf8
{[%clk 0:04:22]} 38. a7 {[%clk 0:01:53]} Ke8 {[%clk 0:04:39]} 39. h4
{[%clk 0:01:59]} Kd7 {[%clk 0:03:48]} 40. h5 {[%clk 0:01:22]} Bxf2+
{[%clk 0:01:07]} 41. Kxf2 {[%clk 0:01:39]} Kc6 {[%clk 0:20:33]} 42. Ke3
{[%clk 0:14:48]} Kb7 {[%clk 0:20:00]} 43. Kd2 {[%clk 0:14:22]} Rc4
{[%clk 0:19:57]} 44. Ke3 {[%clk 0:14:42]} g6 {[%clk 0:13:28]} 45. hxg6
{[%clk 0:09:11]} fxg6 {[%clk 0:13:54]} 46. Bb6 {[%clk 0:09:00]} h5
{[%clk 0:05:35]} 47. gxh5 {[%clk 0:09:18]} gxh5 {[%clk 0:06:02]} 48. Kf3
{[%clk 0:08:54]} h4 {[%clk 0:05:21]} 49. Kg4 {[%clk 0:08:08]} h3 {[%clk 0:05:45]}
50. Bg1 {[%clk 0:08:34]} Rc1 {[%clk 0:04:20]} 51. Bh2 {[%clk 0:09:02]} d4
{[%clk 0:03:38]} 52. f5 {[%clk 0:09:27]} d3 {[%clk 0:03:34]}  0-1

[Event "Prague Open 2022 - A IM Open"]
[Site "Olympik hotel, Prague"]
[Date "2022.01.13"]
[Round "8"]
[Board "3"]
[White "Sorm, Daniel"]
[Black "Haring, Filip"]
[Result "0-1"]
[WhiteElo "2345"]
[BlackElo "2398"]
[PlyCount "0"]
[EventDate "2022.01.07"]
[EventRounds "9"]
[EventCountry "CZE"]

1. d4 {[%clk 1:30:59]} Nf6 {[%clk 1:30:50]} 2. Nf3 {[%clk 1:31:12]} e6
{[%clk 1:30:28]} 3. e3 {[%clk 1:31:12]} b6 {[%clk 1:29:25]} 4. Bd3
{[%clk 1:31:03]} Bb7 {[%clk 1:29:33]} 5. O-O {[%clk 1:29:19]} c5 {[%clk 1:28:55]}
6. c4 {[%clk 1:29:14]} g6 {[%clk 1:29:07]} 7. Nc3 {[%clk 1:29:04]} Bg7
{[%clk 1:29:12]} 8. d5 {[%clk 1:24:44]} exd5 {[%clk 1:26:14]} 9. cxd5
{[%clk 1:25:04]} Nxd5 {[%clk 1:05:51]} 10. Nxd5 {[%clk 1:24:25]} Bxd5
{[%clk 1:06:10]} 11. Bxg6 {[%clk 1:24:29]} hxg6 {[%clk 1:06:37]} 12. Qxd5
{[%clk 1:24:49]} Nc6 {[%clk 1:06:58]} 13. e4 {[%clk 1:12:57]} Qf6
{[%clk 0:59:43]} 14. Bg5 {[%clk 1:04:27]} Qe6 {[%clk 1:00:09]} 15. Qd2
{[%clk 1:03:48]} Ne5 {[%clk 0:44:44]} 16. Rad1 {[%clk 0:39:55]} Nxf3+
{[%clk 0:36:59]} 17. gxf3 {[%clk 0:40:12]} Bd4 {[%clk 0:35:32]} 18. Qe2
{[%clk 0:32:37]} Rh5 {[%clk 0:24:55]} 19. Be3 {[%clk 0:27:04]} Ke7
{[%clk 0:21:25]} 20. Bxd4 {[%clk 0:23:33]} cxd4 {[%clk 0:19:13]} 21. f4
{[%clk 0:22:55]} Rah8 {[%clk 0:17:10]} 22. f3 {[%clk 0:22:43]} Rxh2
{[%clk 0:12:48]} 23. Qxh2 {[%clk 0:22:57]} Rxh2 {[%clk 0:13:15]} 24. Kxh2
{[%clk 0:23:20]} Qxa2 {[%clk 0:13:36]} 25. Rd2 {[%clk 0:20:39]} a5
{[%clk 0:12:45]} 26. Rfd1 {[%clk 0:19:50]} Qb3 {[%clk 0:08:21]} 27. Kg3
{[%clk 0:19:50]} Kf8 {[%clk 0:06:19]} 28. e5 {[%clk 0:14:47]} b5 {[%clk 0:05:18]}
29. Rxd4 {[%clk 0:08:26]} Qxb2 {[%clk 0:05:44]} 30. Rxd7 {[%clk 0:08:45]} g5
{[%clk 0:03:31]} 31. R1d4 {[%clk 0:04:59]} gxf4+ {[%clk 0:02:16]} 32. Rxf4
{[%clk 0:05:07]} Qxe5 {[%clk 0:01:43]} 33. Rdxf7+ {[%clk 0:05:26]} Ke8
{[%clk 0:00:56]} 34. Rb7 {[%clk 0:02:22]} a4 {[%clk 0:00:46]} 35. Kg4
{[%clk 0:02:25]} Qe6+ {[%clk 0:01:01]} 36. Kg3 {[%clk 0:01:13]} Qe5
{[%clk 0:01:24]} 37. Kg4 {[%clk 0:01:29]} Qe6+ {[%clk 0:01:53]} 38. Kg3
{[%clk 0:00:58]} Qe1+ {[%clk 0:02:21]} 39. Kg4 {[%clk 0:01:09]} Qg1+
{[%clk 0:02:40]} 40. Kf5 {[%clk 0:00:51]} Qc5+ {[%clk 0:03:08]}  0-1

[Event "Prague Open 2022 - A IM Open"]
[Site "Olympik hotel, Prague"]
[Date "2022.01.13"]
[Round "8"]
[Board "4"]
[White "Jurcik, Marian"]
[Black "Hrabusa, Matej"]
[Result "1-0"]
[WhiteElo "2397"]
[BlackElo "2364"]
[PlyCount "0"]
[EventDate "2022.01.07"]
[EventRounds "9"]
[EventCountry "CZE"]

1. e4 {[%clk 1:29:16]} c5 {[%clk 1:30:53]} 2. Nc3 {[%clk 1:29:26]} d6
{[%clk 1:30:59]} 3. Bb5+ {[%clk 1:29:33]} Bd7 {[%clk 1:30:26]} 4. Bxd7+
{[%clk 1:29:45]} Qxd7 {[%clk 1:28:40]} 5. d4 {[%clk 1:30:04]} cxd4
{[%clk 1:28:05]} 6. Qxd4 {[%clk 1:30:14]} Nc6 {[%clk 1:28:03]} 7. Qd3
{[%clk 1:30:39]} Rc8 {[%clk 1:21:26]} 8. Nf3 {[%clk 1:24:25]} g6 {[%clk 1:16:31]}
9. Nd5 {[%clk 1:16:20]} Bg7 {[%clk 1:12:00]} 10. c3 {[%clk 1:16:14]} e6
{[%clk 1:06:31]} 11. Nf4 {[%clk 1:13:43]} Nge7 {[%clk 1:02:43]} 12. Be3
{[%clk 1:12:34]} O-O {[%clk 1:00:09]} 13. Rd1 {[%clk 1:11:24]} Rfd8
{[%clk 0:57:39]} 14. O-O {[%clk 1:11:20]} Qc7 {[%clk 0:47:27]} 15. Qb5
{[%clk 1:10:59]} Rd7 {[%clk 0:35:01]} 16. Rd3 {[%clk 0:59:58]} Rcd8
{[%clk 0:28:54]} 17. Rfd1 {[%clk 0:59:23]} a6 {[%clk 0:27:02]} 18. Qb3
{[%clk 0:54:58]} Nc8 {[%clk 0:21:47]} 19. Ng5 {[%clk 0:34:15]} Ne5
{[%clk 0:18:37]} 20. Nfxe6 {[%clk 0:32:42]} fxe6 {[%clk 0:18:19]} 21. Nxe6
{[%clk 0:32:51]} Qc4 {[%clk 0:18:34]} 22. Qxc4 {[%clk 0:32:56]} Nxc4
{[%clk 0:18:57]} 23. Nxd8 {[%clk 0:33:17]} Rxd8 {[%clk 0:14:20]} 24. Bc1
{[%clk 0:33:24]} Re8 {[%clk 0:13:30]} 25. f3 {[%clk 0:32:24]} b5 {[%clk 0:12:45]}
26. Kf1 {[%clk 0:23:17]} Kf7 {[%clk 0:12:12]} 27. Re1 {[%clk 0:21:32]} Ke6
{[%clk 0:10:34]} 28. f4 {[%clk 0:21:01]} Rf8 {[%clk 0:09:28]} 29. Ke2
{[%clk 0:18:56]} N4b6 {[%clk 0:07:13]} 30. Red1 {[%clk 0:18:08]} Kd7
{[%clk 0:05:44]} 31. b3 {[%clk 0:15:29]} Kc6 {[%clk 0:05:32]} 32. Be3
{[%clk 0:14:14]} Re8 {[%clk 0:04:40]} 33. Kf3 {[%clk 0:14:26]} Nd7
{[%clk 0:03:45]} 34. Bd4 {[%clk 0:13:25]} Bh8 {[%clk 0:02:33]} 35. Bxh8
{[%clk 0:07:11]} Rxh8 {[%clk 0:03:01]} 36. e5 {[%clk 0:07:04]} Rf8
{[%clk 0:01:49]} 37. Rxd6+ {[%clk 0:03:55]} Nxd6 {[%clk 0:02:15]} 38. Rxd6+
{[%clk 0:04:20]} Kc7 {[%clk 0:02:35]} 39. Ke4 {[%clk 0:03:38]} Nc5+
{[%clk 0:01:39]} 40. Kd5 {[%clk 0:03:20]} Nd7 {[%clk 0:00:52]} 41. g3
{[%clk 0:00:33]} g5 {[%clk 0:17:05]} 42. Ke6 {[%clk 0:17:29]} Nb8
{[%clk 0:11:34]} 43. Ke7 {[%clk 0:14:20]} Rh8 {[%clk 0:10:17]} 44. f5
{[%clk 0:11:54]} Nc6+ {[%clk 0:10:19]} 45. Rxc6+ {[%clk 0:12:29]} Kxc6 46. f6 Kd5
{[%clk 0:10:47]} 47. e6 {[%clk 0:12:31]} Ke5 {[%clk 0:09:59]} 48. f7
{[%clk 0:11:49]} Ra8 {[%clk 0:09:54]} 49. f8=Q {[%clk 0:11:26]} Rxf8
{[%clk 0:10:02]} 50. Kxf8 {[%clk 0:11:55]} Kxe6 {[%clk 0:10:24]} 51. Kg7
{[%clk 0:12:14]}  1-0

[Event "Prague Open 2022 - A IM Open"]
[Site "Olympik hotel, Prague"]
[Date "2022.01.13"]
[Round "8"]
[Board "5"]
[White "Mikes, Jan"]
[Black "Czerw, Dawid"]
[Result "1/2-1/2"]
[WhiteElo "2332"]
[BlackElo "2396"]
[PlyCount "0"]
[EventDate "2022.01.07"]
[EventRounds "9"]
[EventCountry "CZE"]

1. c4 {[%clk 1:30:50]} Nf6 {[%clk 1:23:17]} 2. Nc3 {[%clk 1:30:34]} c6
{[%clk 1:20:34]} 3. Nf3 {[%clk 1:29:34]} d5 {[%clk 1:19:09]} 4. e3
{[%clk 1:29:47]} e6 {[%clk 1:18:53]} 5. b3 {[%clk 1:29:58]} Nbd7 {[%clk 1:18:09]}
6. Bb2 {[%clk 1:29:44]} Be7 {[%clk 1:17:19]} 7. Qc2 {[%clk 1:29:49]} O-O
{[%clk 1:17:05]} 8. g4 {[%clk 1:25:50]} Nxg4 {[%clk 1:06:55]} 9. Rg1
{[%clk 1:25:20]} Nge5 {[%clk 1:05:48]} 10. Nxe5 {[%clk 1:21:24]} Nxe5
{[%clk 1:06:08]} 11. O-O-O {[%clk 1:21:40]} Ng6 {[%clk 1:03:14]} 12. d4
{[%clk 1:17:48]} f5 {[%clk 0:49:21]} 13. Bd3 {[%clk 1:13:18]} b5 {[%clk 0:48:29]}
14. cxb5 {[%clk 1:08:39]} cxb5 {[%clk 0:47:18]} 15. Bxb5 {[%clk 1:08:45]} Bd7
{[%clk 0:47:00]} 16. Bxd7 {[%clk 0:55:36]} Qxd7 {[%clk 0:46:33]} 17. Kb1
{[%clk 0:55:50]} Rac8 {[%clk 0:40:21]} 18. Qd3 {[%clk 0:53:57]} Bd6
{[%clk 0:30:57]} 19. Na4 {[%clk 0:45:44]} Qe7 {[%clk 0:23:45]} 20. Nc5
{[%clk 0:35:28]} e5 {[%clk 0:20:27]} 21. b4 {[%clk 0:34:07]} e4 {[%clk 0:17:00]}
22. Qb3 {[%clk 0:31:18]} Qf7 {[%clk 0:17:19]} 23. b5 {[%clk 0:29:48]} Bxh2
{[%clk 0:16:16]} 24. Rh1 {[%clk 0:29:55]} Bb8 {[%clk 0:15:43]} 25. Rdg1
{[%clk 0:29:14]} Rcd8 {[%clk 0:14:44]} 26. a4 {[%clk 0:27:56]} Rfe8
{[%clk 0:08:25]} 27. Na6 {[%clk 0:23:07]} Bd6 {[%clk 0:07:06]} 28. Rc1
{[%clk 0:20:21]} f4 {[%clk 0:06:51]} 29. a5 {[%clk 0:18:56]} Bb8 {[%clk 0:03:16]}
30. Ba3 {[%clk 0:18:42]} Nf8 {[%clk 0:02:18]} 31. Nxb8 {[%clk 0:15:07]} Rxb8
{[%clk 0:02:47]} 32. Bd6 {[%clk 0:15:31]} Rb7 {[%clk 0:03:02]} 33. a6
{[%clk 0:13:26]} Rb6 {[%clk 0:01:58]} 34. Rc7 {[%clk 0:11:29]} Nd7
{[%clk 0:00:56]} 35. Qb4 {[%clk 0:04:49]} fxe3 {[%clk 0:00:50]} 36. fxe3
{[%clk 0:05:14]} Reb8 {[%clk 0:00:45]} 37. Rhc1 {[%clk 0:05:32]} h6
{[%clk 0:00:47]} 38. Rc8+ {[%clk 0:03:22]} Rxc8 {[%clk 0:01:14]} 39. Rxc8+
{[%clk 0:03:50]} Kh7 {[%clk 0:01:38]} 40. Bf4 {[%clk 0:03:55]} Qg6
{[%clk 0:00:45]} 41. Rc7 {[%clk 0:02:28]} Qg1+ {[%clk 0:26:42]} 42. Ka2
{[%clk 0:31:51]}  1/2-1/2

[Event "Prague Open 2022 - A IM Open"]
[Site "Olympik hotel, Prague"]
[Date "2022.01.13"]
[Round "8"]
[Board "6"]
[White "Mannion, Stephen R"]
[Black "Plischki, Sebastian"]
[Result "1/2-1/2"]
[WhiteElo "2271"]
[BlackElo "2375"]
[PlyCount "0"]
[EventDate "2022.01.07"]
[EventRounds "9"]
[EventCountry "CZE"]

1. e4 {[%clk 1:30:56]} c5 {[%clk 1:30:42]} 2. Nf3 {[%clk 1:31:20]} e6
{[%clk 1:31:02]} 3. d4 {[%clk 1:31:41]} cxd4 {[%clk 1:31:27]} 4. Nxd4
{[%clk 1:32:07]} a6 {[%clk 1:31:48]} 5. c4 {[%clk 1:32:25]} Nf6 {[%clk 1:32:04]}
6. Nc3 {[%clk 1:32:50]} Bb4 {[%clk 1:32:19]} 7. Qd3 {[%clk 1:31:19]} O-O
{[%clk 1:32:19]} 8. Be2 {[%clk 1:29:31]} d6 {[%clk 1:31:44]} 9. O-O
{[%clk 1:15:56]} Nbd7 {[%clk 1:31:17]} 10. f3 {[%clk 1:01:35]} Ne5
{[%clk 1:28:18]} 11. Qd1 {[%clk 1:00:42]} Qc7 {[%clk 1:22:59]} 12. Be3
{[%clk 0:59:37]} Bxc3 {[%clk 1:16:41]} 13. bxc3 {[%clk 1:00:03]} Nxc4
{[%clk 1:16:57]} 14. Bxc4 {[%clk 0:59:27]} Qxc4 {[%clk 1:17:20]} 15. Qb3
{[%clk 0:59:53]} Qc7 {[%clk 1:10:51]} 16. Rfd1 {[%clk 1:00:19]} e5
{[%clk 1:07:56]} 17. Ne2 {[%clk 0:59:30]} Be6 {[%clk 1:07:20]} 18. Qb6
{[%clk 0:44:43]} Qxb6 {[%clk 1:05:05]} 19. Bxb6 {[%clk 0:44:29]} d5
{[%clk 1:03:31]} 20. Bc7 {[%clk 0:43:39]} dxe4 {[%clk 1:03:26]} 21. Bxe5
{[%clk 0:43:47]} exf3 {[%clk 1:03:45]} 22. gxf3 {[%clk 0:44:01]} Nd5
{[%clk 1:01:25]} 23. Kf2 {[%clk 0:44:21]} Rac8 {[%clk 0:59:20]} 24. Rdb1
{[%clk 0:35:35]} b6 {[%clk 0:57:03]} 25. Rg1 {[%clk 0:35:37]} g6 {[%clk 0:55:10]}
26. h4 {[%clk 0:34:02]} f6 {[%clk 0:52:18]} 27. Bd4 {[%clk 0:34:21]} Kf7
{[%clk 0:52:00]} 28. h5 {[%clk 0:24:33]} g5 {[%clk 0:50:05]} 29. a4
{[%clk 0:24:36]} Rc4 {[%clk 0:48:01]} 30. Rgb1 {[%clk 0:19:13]} Rb8
{[%clk 0:46:09]} 31. Rb3 {[%clk 0:18:44]} Bd7 {[%clk 0:44:41]} 32. a5
{[%clk 0:14:32]} b5 {[%clk 0:45:00]} 33. Ng3 {[%clk 0:14:59]} f5 {[%clk 0:41:51]}
34. Nf1 {[%clk 0:13:20]} Rbc8 {[%clk 0:37:18]} 35. Ne3 {[%clk 0:11:17]} Nxe3
{[%clk 0:37:39]} 36. Kxe3 {[%clk 0:11:17]} Re8+ {[%clk 0:37:16]} 37. Kf2
{[%clk 0:10:19]} f4 {[%clk 0:34:40]} 38. Rbb1 {[%clk 0:08:10]} h6
{[%clk 0:34:02]} 39. Rb4 {[%clk 0:08:07]} Be6 {[%clk 0:31:50]} 40. Re1
{[%clk 0:07:13]} Rxb4 {[%clk 0:31:17]} 41. cxb4 {[%clk 0:07:41]} Bc4
{[%clk 0:31:39]} 42. Rxe8 {[%clk 0:07:51]} Kxe8 {[%clk 0:32:03]} 43. Bg7
{[%clk 0:08:15]}  1/2-1/2